[Event "Nizhnij Novgorod Region-ch"]
[Site "Nizhnij Novgorod"]
[Date "2007.10.??"]
[Round "?"]
[White "Sedova, Evgenia"]
[Black "Goliakov, Evgeny"]
[Result "1-0"]
[WhiteElo "1880"]
[BlackElo "2017"]
[PlyCount "27"]
[EventDate "2007.10.??"]
[EventType "swiss"]
[EventRounds "9"]
[EventCountry "RUS"]
[SourceTitle "EXT 2009"]
[Source "ChessBase"]
[SourceDate "2008.11.26"]
[SourceVersion "1"]
[SourceVersionDate "2008.11.26"]
[SourceQuality "1"]

1. e4 e6 2. d4 d5 3. Nc3 Bb4 4. Nge2 dxe4 5. a3 Bxc3+ 6. Nxc3 Nf6 7. Bg5 Nc6 8. Bb5 0-0 9. Bxc6 bxc6 10. Nxe4 Qd5 11. Nxf6+ gxf6 12. Bh6 Qxg2 13. Kd2 Qxf2+ 14. Kc1 1-0